000 00536nam a2200181Ia 4500
020 _a9698373004(hb)
082 _a297.197
_bHUS
_cL39,P-135
100 _aHussain, Iqbal S.
_9328
245 _aIslam and Western civilization:
_bcreating a world of excellence.
250 _a2nd ed.
260 _aLahore:
_bAdbistan,
_c2000
300 _a335p: ill
526 _a0
_b0
_c0
_d297_197000000000000_HUS
526 _a0
_b0
_c0
_d297_197000000000000_HUS
650 _aIslam and Social Problems
_9291
650 _aNUST
_96342
942 _2ddc
_cBK
999 _c542248
_d542248